000 00794nam a2200229 a 4500
005 20220604063728.0
008 060801s1987 mx r 000 0 spa d
020 _a9687209704
035 _aUPN01000145906
049 _aCG
050 4 _aF1232 Q5.5
_bA5.3
245 0 0 _aAndrés Quintana Roo /
_cpról. Alfonso Zegbe Sanén ; comp. e intr. Ana Carolina Ibarra.
260 _aMéxico :
_bSenado de la República, LIII Legislatura,
_c1987.
300 _a256 p.
440 4 _aLos senadores
600 1 4 _aQUINTANA ROO, ANDRES,
_d1787-1851
651 4 _aMéxico
_xHistoria constitucional
_94597
650 2 _aEstadistas mexicanos
_vBiografía
_923078
651 4 _aMEXICO -
_xPOLITICA Y GOBIERNO -
_y1810-1821 -
_vFUENTES
_94622
700 1 _aIbarra, Ana Carolina,
_ecomp.
_940406
905 _aLibro
999 _c118052
_d118052